[Event "Candidates FIDE sf2"]
[Site "Sanghi Nagar"]
[Date "1994.??.??"]
[Round "4"]
[White "Gelfand, Boris"]
[Black "Kramnik, Vladimir"]
[Result "1-0"]
[WhiteElo "2680"]
[BlackElo "2710"]
[Annotator "Gurevich,M"]
[PlyCount "83"]
[EventDate "1994.07.??"]
[EventType "match"]
[EventRounds "8"]
[EventCountry "IND"]
[SourceTitle "CBM 042"]
[Source "ChessBase"]
[SourceDate "1994.10.01"]
[SourceVersion "1"]
[SourceVersionDate "1994.10.01"]
[SourceQuality "1"]

1. c4 c5 2. Nf3 Nc6 3. Nc3 Nf6 4. e3 e6 5. d4 d5 6. a3 a6 7. b3 cxd4 (7... Be7
8. Bb2 O-O 9. Bd3 b6 10. O-O cxd4 11. exd4 Bb7 12. Re1 Rc8 $10 {Zakharov,
A-Dvoirys,S/Moscow Tal mem/1992/}) 8. exd4 Be7 9. c5 $5 (9. Bb2 O-O 10. Bd3 Qc7
11. O-O Bd7 12. Re1 Rfe8 13. c5 b6 14. cxb6 Qxb6 15. Na4 $14 {Hoi,C-Agustsson/
Kobenhavn/1989/}) 9... b6 10. cxb6 Nd7 $5 (10... Qxb6 11. Na4 Qa7 12. b4 $14 {
/\Na4-c5}) 11. Bd3 a5 12. Nb5 $5 (12. O-O Ba6 $132) 12... Qxb6 13. Bf4 O-O 14.
O-O Na7 (14... Ba6 $2 15. Nc7 Bxd3 16. Nxa8 $16) 15. Nc7 $5 Rb8 16. b4 $5 Bb7
$5 {/\ 17...e5} (16... axb4 17. axb4 $14 Bxb4 $6 18. Qc2 g6 19. Rfb1 Nc6 20.
Na8 Qb7 21. Ba6 Qxa8 22. Bxc8 $16) 17. bxa5 Qxa5 18. Qe2 e5 $5 (18... Rbc8 $6
19. Nxe6 $1 (19. Rfc1 Bc6 20. Na6 Bb5 $132) 19... fxe6 20. Qxe6+ $16) 19. Bxe5
Nxe5 20. Qxe5 Nc6 21. Qf4 Rbc8 22. Nb5 Ba6 23. a4 Nb4 $132 24. Bf5 $1 Rcd8 25.
Rfe1 Bf6 26. Ne5 Bxe5 (26... Bxb5 27. axb5 Qxb5 28. Rab1 $36) 27. dxe5 Bxb5 28.
axb5 Qxb5 29. Ra3 $5 (29. Rab1 Rb8 30. Rb3 $36 Qc4 31. Bxh7+ (31. Qxc4 dxc4 32.
Rc3 g6 33. Be4 Rfc8 $10) 31... Kxh7 32. Qf5+ Kg8 33. Rh3 Rfe8 34. Qh7+ Kf8 35.
e6 Rxe6 $1 36. Qh8+ Ke7 37. Rxe6+ Kxe6 38. Re3+ Kd7 $17 39. Qxb8 Qc1+ 40. Re1
Qxe1#) (29. e6 fxe6 30. Bxe6+ Kh8 $10) 29... Qc4 $1 (29... g6 30. Rh3 $40) (
29... h6 30. Rb3 Rb8 31. Reb1 $18) 30. Bxh7+ $6 (30. Qg5 h6 $132) 30... Kxh7
31. Qf5+ Kg8 (31... g6 32. Rh3+ Kg8 33. Qf6 $18) 32. Rh3 Rfe8 $8 (32... Qc2 33.
Qh5 f6 34. e6 {/\ 35.Qh8 #}) 33. Qh7+ Kf8 34. Qh8+ Ke7 35. Qxg7 $40 {/\ 36.e6}
d4 $1 (35... Rg8 36. Qf6+ Ke8 37. e6 $18) (35... Kd7 36. e6+ $1 (36. Qxf7+ $6
Re7 37. e6+ Kd6 $13) 36... Kc8 (36... Rxe6 37. Qxf7+ $18) 37. Rc3 $16) 36. e6
Kd6 37. e7 $6 (37. Qxf7 $142 d3 $1 $15) 37... Rd7 $4 {and this is the reward
for bravery} (37... Rxe7 $2 38. Qf6+ Re6 39. Qxd8+ $18) (37... Rc8 $1 {/\38...
Nc6} 38. Rh6+ (38. Qe5+ Kd7 39. Rh6 Rc6 40. Qf5+ Re6 $17) (38. Rh4 Nc6 39. Qg3+
Kd7 40. Qh3+ Kc7 41. Qg3+ Kb7 42. Rb1+ Ka8 $17 {/\43...Na7}) (38. Qf6+ Kd7 39.
Qf5+ Kc7 40. Qa5+ Kb7 41. Rb3 (41. Rh6 Qc5 $17) 41... Qxb3 42. Qb5+ Kc7 $19)
38... Kd7 $5 $13 (38... Kc7 39. Qe5+ (39. Qf6 Qc5 $1 $13 (39... Nc6 40. Qd6+
Kb7 41. Rb1+ Ka8 42. Ra1+ Na7 (42... Kb7 43. Qd7+ Kb6 44. Rb1+ $40) 43. Rxa7+
Kxa7 44. Qb6+ Ka8 45. Qa5+ Kb7 46. Rb6+ Kc7 47. Qa7#)) 39... Kb7 40. Qa5 Qc5 $1
$17 (40... Rc6 $13 41. Qd8 $1 (41. Rb1 $4 Qc1+ $19) (41. Rxc6 Nxc6 42. Rb1+ Kc8
43. Qa8+ Kd7 44. Rb7+ Ke6 $17 45. Qxe8 $4 Qc1#) 41... Rxd8 (41... Qc1 $2 42.
Rf1 (42. Qd7+ Kb6 43. Qxd4+ Kb5 44. Rh5+ Ka4 45. Qa7+ Kb3 46. Rh3+ Kb2 47. Qa3+
$18) 42... Rxd8 43. exd8=Q Qxh6 44. Qxd4 Qd6 $13) (41... Qe2 $2 42. Qd7+ $1 (
42. Rb1 Qxe7 (42... Qd2 43. Qd7+ Rc7 44. Qb5+ $18) 43. Qxe7+ Rxe7 44. Rxb4+ Ka7
45. Ra4+ Kb7 46. Rb4+ $10) 42... Rc7 (42... Kb6 43. Rxc6+ Nxc6 44. Rxe2 $18)
43. Qxc7+ Kxc7 44. Rxe2 $18) 42. exd8=Q Rxh6 43. Qe7+ $1 (43. Qd7+ Qc7 44. Qb5+
(44. Qxd4 Qxh2+ 45. Kf1 Qh1+ 46. Ke2 Qxe1+ 47. Kxe1 Nc2+ $19) 44... Rb6 $17) (
43. Re7+ Ka6 44. Qa8+ Kb5 45. Rb7+ Rb6 $17) 43... Kb6 (43... Ka6 44. Ra1+ Na2
45. Qa3+ Kb7 46. Qxa2 $14) 44. Qd8+ $10 Kb7 (44... Kb5 $4 45. Qg5+ $18) 45.
Qe7+ $1 $10)) 39. Qg4+ (39. Qe5 Rc6 40. Qf5+ Re6 $17) 39... Kc7 $17) 38. Qe5+
Kc6 39. Rh6+ Kb7 40. Qa5 $1 $18 Rdxe7 (40... Nc6 41. Rb1+ Kc8 42. Qa8+ Kc7 43.
Rb7#) (40... Rc7 41. Rb6+ Kc8 42. Rxb4 $18) 41. Rxe7+ Rxe7 42. Qb6+ (42. Qb6+
Kc8 43. Rh8+ Kd7 44. Rd8#) 1-0

[Event "Manila Interzonal"]
[Site "Manila"]
[Date "1990.??.??"]
[Round "9"]
[White "Gelfand, Boris"]
[Black "Nikolic, Predrag"]
[Result "1-0"]
[WhiteElo "2680"]
[BlackElo "2600"]
[Annotator "Ftacnik,L"]
[PlyCount "81"]
[EventDate "1990.06.29"]
[EventType "swiss"]
[EventRounds "13"]
[EventCountry "PHI"]
[SourceTitle "CBM 019"]
[Source "ChessBase"]
[SourceDate "1990.12.01"]
[SourceVersion "1"]
[SourceVersionDate "1990.12.01"]
[SourceQuality "1"]

1. d4 d5 2. Nf3 Nf6 3. c4 c6 4. Nc3 dxc4 5. a4 Bg4 6. Ne5 Bh5 7. h3 Na6 8. g4
Bg6 9. Bg2 Nb4 10. O-O Bc2 11. Qd2 Bb3 12. a5 $5 {N} (12. Ne4) (12. Qf4 Nc2 13.
g5 Nxa1 14. gxf6 exf6 15. Nxc6 Qd6 16. Qe4+ Be7 17. Bf4 Qxc6 18. Nd5 $16) 12...
a6 (12... Nc2 13. a6 $1 Nxa1 14. axb7 Nd5 15. Nxc6 $18) (12... e6 13. a6 Nxa6
14. Rxa6 bxa6 15. Bxc6+ Ke7 16. g5 $40) (12... Rc8 $5 {(Nikolic,Pr)}) 13. Na4
e6 (13... Qxa5 14. Nc5 $1 (14. g5 Nfd5 15. Bxd5 cxd5 16. Nc5 Qb6 (16... Qb5 17.
Qf4 f6) 17. Ncd7 Qd6 $1) 14... Qb5 $1 (14... Qxa1 15. Qxb4 $18) (14... Qb6 15.
g5 Nfd5 16. e4 Nc7 17. Qf4 f6 18. Ned7 $18) 15. Qf4 (15. g5 Nfd5 16. e4 Nb6 $1
(16... Nc7 $6 17. Qf4 f6 18. gxf6 exf6 19. Ned7 Rc8 20. Qf5 $40) 17. Nxb7 (17.
Qf4 f6 18. Nf3 Nc2 $13) 17... Na4 18. Nc5 Nxc5 19. dxc5 Rd8) 15... h6 $8 (15...
Nc2 16. Ra5 $3 Qb6 17. g5 $18) 16. Bd2 Nbd5 (16... Nc2 17. Nxb7 $1 Rc8 18. Na5
Nxa1 19. Rxa1 $40) (16... e6 17. Bxb4 Qxb4 18. Nxb7 $1) 17. Qf3 (17. Bxd5 cxd5
18. Ncd7 c3 (18... b6 $5 $13) 19. Bxc3 Nxd7 20. Ra5 Qb6 21. Qxf7+ Kd8 22. Rxd5
$1 Bxd5 23. Qxd5 Qb5 24. Ba5+ Kc8 25. Rc1+ $18) 17... e6 18. e4 Nc7 19. Ncd7 {
/\ Ra5}) (13... Nc2 14. Nc5 Qxd4 (14... Nxa1 15. Nxb7 $18) (14... Rb8 15. Nxb7
$1 Rxb7 16. Bxc6+ Nd7 17. Bxb7 Nxe5 18. dxe5 Qc7 19. Qd5 $18) 15. Nxb7 Nd5 (
15... Rc8 16. Bxc6+ Rxc6 17. Nxc6 Qxd2 18. Bxd2 Nxa1 19. Rxa1 $16) (15... Qxd2
16. Bxc6+ $1 Qd7 17. Nxd7 Nxd7 18. Rd1 e6 19. Rxd7 $18) 16. Qg5 $5 (16. Nxc6
Qxd2 17. Bxd2 Nxa1 18. Bxd5 e6) 16... f6 (16... Nxa1 17. Qf5 $18) 17. Nxc6 fxg5
(17... Qxf2+ 18. Rxf2 fxg5 19. Bxd5 e6 20. Bxe6 Nxa1 21. Ne5 $1 Ke7 22. Bd7 c3
23. Bxg5#) 18. Nxd4 Nxd4 (18... Nxa1 19. Bxd5 Rc8 20. Be3 Nc2 21. Nxc2 Bxc2 22.
Rc1 Bb3 (22... Ba4 23. Bxc4 $16) 23. Be6 {/\ Nc5+/-}) 19. Bxd5 e6 (19... Nxe2+
20. Kg2 e6 21. Bxe6 Nxc1 22. Raxc1 Rb8 23. Bd5 $36) (19... Rc8 20. Bxg5 e6 21.
Bg2 Nxe2+ 22. Kh1 c3 $14) 20. Nd6+ Bxd6 21. Bxa8 Nxe2+ 22. Kg2 Nxc1 23. Rfxc1
Be5 $44) 14. g5 Nd7 (14... Nfd5 15. e4 Nc7 (15... Nc2 16. exd5 Nxa1 (16... cxd5
17. Nb6 Nxa1 18. Qf4 f6 19. gxf6 gxf6 20. Ng4 $40) 17. dxe6 $1 fxe6 18. Nb6 $40
) 16. Nb6 Rb8 17. Qf4 Qe7 18. Be3 $16) (14... Nc2 $5 15. Nb6 (15. gxf6 gxf6 16.
Nxc6 bxc6 17. Bxc6+ Ke7 18. Nb6 Rc8 $1 $132) 15... Nd5 $1 (15... Nxa1 16. gxf6
gxf6 17. Nxc6 bxc6 18. Bxc6+ Ke7 19. Qb4+ Qd6 20. Qxd6+ Kxd6 21. Bxa8 $16) 16.
Bxd5 (16. Nxa8 $2 Bb4 $1) 16... cxd5 17. Qf4 (17. Rb1 Bb4 18. Qf4 O-O $13)
17... f6 18. gxf6 gxf6 19. Ned7 $40) 15. Nxd7 Qxd7 (15... Nc2 16. Ne5 $1 (16.
Nxf8 Rxf8 17. Nb6 Rb8 {x d4}) 16... Bb4 (16... Nxa1 17. Nxc6 Qd6 18. Nb6 $16)
17. Qf4 f6 (17... O-O 18. Bd2 $18) 18. gxf6 gxf6 19. Ng4 Nxa1 20. Nxf6+ Ke7 21.
Nb6 $40) 16. Nb6 Qd8 17. Nxa8 Qxa8 $2 (17... Nc2 $1 18. Rb1 Qxa8 (18... Bb4 19.
Qf4 Qxa8 20. Bd2 $16) 19. e3 (19. Be4 Bb4 20. Qf4 Nxd4 21. Qe5 Nxe2+ 22. Kh1
O-O 23. Be3 Qd8 24. Rbe1 Bd6 25. Bxh7+ Kxh7 26. Qe4+ Kg8 27. Rxe2 c3 $1) 19...
Bb4 20. Qe2 Qd8 21. Bd2 Qxg5 $44) 18. Be4 Qd8 19. f4 Be7 (19... Nd5 20. Qe1 Bb4
21. Bd2 Nxf4 (21... Ne3 22. Bxb4 Qxd4 23. Bf3 $18) 22. Bxb4 Qxd4+ 23. e3 Nxh3+
24. Kh2 Qxe4 25. Kxh3 h6 26. g6 $18) 20. e3 O-O 21. Qe2 c5 22. dxc5 Bxc5 23.
Bd2 (23. Bxb7 Nc2 24. Rb1 Qxa5) 23... Nd5 (23... Nc2 24. Bxc2 Bxc2 25. Qxc4
Qxd2 (25... Bd3 26. Qxc5 Bxf1 27. Bb4 $18) 26. Qxc5 Be4 27. Rf2 $16) (23... Qd7
$5 {/\ Rd8}) 24. Kh1 Qd7 (24... b5 25. axb6 Qxb6 26. Rf3 $16) 25. Rac1 $1 Qa4 (
25... Rd8 26. Bc2 $8 Nxf4 $2 27. exf4 Qd5+ 28. Rf3 $18) 26. Qf3 c3 (26... Rd8
27. f5 $40) 27. bxc3 Qxa5 28. f5 Bc4 (28... Nc7 29. Bxb7 $16) 29. fxe6 $1 Ne7 (
29... fxe6 30. Bxh7+ (30. Qh5 g6 $5 (30... Rxf1+ 31. Rxf1 Bxf1 32. Qe8+ Bf8 33.
Qxe6+ Kh8 34. Bxd5 $18)) 30... Kxh7 31. Qe4+ Kg8 32. Qxc4 $18) (29... Bxf1 30.
exf7+ Kh8 31. Rxf1 $18) 30. Bxh7+ Kxh7 31. Qe4+ Ng6 32. Qxc4 fxe6 33. Qg4 Rxf1+
34. Rxf1 Qb5 35. c4 Qc6+ 36. Kg1 Kg8 37. Qf3 Qd7 38. Rf2 a5 39. Qe4 Ne7 40.
Bxa5 Nf5 41. Bd2 {Ftacnik,L} 1-0

[Event "4th Sharjah Masters 2021"]
[Site "Sharjah UAE"]
[Date "2021.09.23"]
[Round "7.5"]
[White "Salem, AR.."]
[Black "Moussard, J.."]
[Result "1-0"]
[WhiteElo "2679"]
[BlackElo "2631"]
[PlyCount "103"]
[EventDate "2021.09.17"]
[EventType "swiss"]
[SourceVersionDate "2018.05.14"]

1. d4 Nf6 2. c4 e6 3. Nc3 Bb4 4. a3 Bxc3+ 5. bxc3 c5 6. f3 d6 7. e4 Nc6 8. Ne2
b6 9. Bg5 h6 10. Bh4 Bb7 11. Nc1 cxd4 12. cxd4 e5 13. Nb3 Qc7 14. Rc1 Nh5 15.
d5 Nb8 16. Bf2 O-O 17. g3 Nd7 18. Bd3 Nhf6 19. g4 Nh7 20. h4 f6 21. Be3 Rf7 22.
Rc2 Qd8 23. Rg2 Ndf8 24. f4 exf4 25. Bxf4 Ng6 26. Be3 Ne5 27. Nd4 Bc8 28. Bb1
Qf8 29. Ba2 Bd7 30. Ne6 Qc8 31. O-O Nf8 32. g5 Nxe6 33. dxe6 Bxe6 34. gxh6 Bh3
35. Rg3 Bxf1 36. Kxf1 Qe6 37. Qe2 f5 38. Rxg7+ Kh8 39. c5 fxe4+ 40. Rxf7 Qh3+
41. Qg2 Qxg2+ 42. Kxg2 Nxf7 43. Bd4+ Kh7 44. Bxf7 dxc5 45. Bg7 a5 46. h5 a4 47.
Bg6+ Kg8 48. Bxe4 Ra7 49. Bc3 b5 50. Kf3 Rh7 51. Bxh7+ Kxh7 52. Bd2 1-0

[Event "EU-ch 14th"]
[Site "Legnica"]
[Date "2013.05.16"]
[Round "11"]
[White "Nisipeanu, Liviu Dieter"]
[Black "Gordon, Stephen J"]
[Result "1-0"]
[WhiteElo "2679"]
[BlackElo "2527"]
[PlyCount "69"]
[EventDate "2013.05.05"]
[EventType "swiss"]
[EventRounds "11"]
[EventCountry "POL"]
[SourceTitle "CBM 155"]
[Source "ChessBase"]
[SourceDate "2013.07.16"]
[SourceVersion "1"]
[SourceVersionDate "2013.07.16"]
[SourceQuality "1"]

1. d4 Nf6 2. c4 e6 3. Nc3 Bb4 4. e3 O-O 5. Bd3 d5 6. Nf3 dxc4 7. Bxc4 c5 8. O-O
cxd4 9. exd4 b6 10. Qe2 Bb7 11. Rd1 Bxc3 12. bxc3 Qc7 13. Bd3 Qxc3 14. Bb2 Qb4
15. d5 Bxd5 16. Bxf6 gxf6 17. Bxh7+ Kxh7 18. Nd4 Rc8 19. Qh5+ Kg8 20. Qg4+ Kh7
21. Rd3 Rc3 22. Qh3+ Kg7 23. Nf5+ exf5 24. Rxc3 Nd7 25. Rg3+ Kf8 26. Rd3 Qc4
27. Rad1 Bc6 28. Qh8+ Ke7 29. Rxd7+ Bxd7 30. Qxa8 Qxa2 31. h4 Qe2 32. Qd5 Qe6
33. h5 Qxd5 34. Rxd5 Be6 35. h6 1-0

[Event "Wch Rapid"]
[Site "Dubai"]
[Date "2014.06.16"]
[Round "2"]
[White "Yu, Yangyi"]
[Black "Svidler, Peter"]
[Result "1-0"]
[WhiteElo "2675"]
[BlackElo "2753"]
[PlyCount "65"]
[EventDate "2014.06.16"]
[EventType "swiss (rapid)"]
[EventRounds "15"]
[EventCountry "UAE"]
[SourceTitle "CBM 160 Extra"]
[Source "ChessBase"]
[SourceDate "2014.07.01"]
[SourceVersion "1"]
[SourceVersionDate "2014.07.01"]
[SourceQuality "1"]

1. e4 c5 2. Nf3 e6 3. d4 cxd4 4. Nxd4 Nc6 5. Nc3 Qc7 6. Be3 a6 7. Qd2 Nf6 8.
O-O-O Be7 9. f4 b5 10. e5 b4 11. exf6 bxc3 12. Qxc3 Bxf6 13. g4 Bb7 14. g5 Bxd4
15. Rxd4 Rc8 16. Ra4 O-O 17. Rg1 d5 18. Kb1 Rfd8 19. Bd3 d4 20. Bxd4 Rxd4 21.
Rxd4 Qb6 22. Bxh7+ Kxh7 23. g6+ fxg6 24. Qh3+ Kg8 25. Qxe6+ Kf8 26. Qd6+ Kg8
27. Rdd1 Rf8 28. Qxg6 Qc7 29. Qe6+ Rf7 30. Qe8+ Kh7 31. Rd3 Bc8 32. Rd5 g6 33.
Rh5+ 1-0

[Event "Biel Interzonal"]
[Site "Biel"]
[Date "1993.??.??"]
[Round "8"]
[White "Gelfand, Boris"]
[Black "Anand, Viswanathan"]
[Result "1-0"]
[WhiteElo "2670"]
[BlackElo "2725"]
[Annotator "Gelfand,B"]
[PlyCount "57"]
[EventDate "1993.07.??"]
[EventType "swiss"]
[EventRounds "13"]
[EventCountry "SUI"]
[SourceTitle "CBM 037"]
[Source "ChessBase"]
[SourceDate "1993.12.01"]
[SourceVersion "1"]
[SourceVersionDate "1993.12.01"]
[SourceQuality "1"]

1. d4 {Kortschnoj Ambroz} d5 2. c4 c6 3. Nc3 Nf6 4. e3 e6 5. Nf3 Nbd7 6. Bd3
dxc4 7. Bxc4 b5 8. Bd3 Bb7 9. a3 b4 (9... a6 {Ambroz} 10. b4 a5 11. Rb1 axb4
12. axb4 Bd6 $5 13. O-O O-O 14. Qc2 h6 15. Bd2 Qe7 16. e4 e5 17. Ne2 $5 $14 {
Vyzmanavin-Illescas Cordoba, Leon 1993}) 10. Ne4 (10. axb4 {Kortschnoj} Bxb4
11. O-O) 10... Nxe4 (10... bxa3 {Ambroz} 11. bxa3 Be7 12. Nxf6+ Nxf6 13. O-O
O-O 14. Rb1 Qc7 15. e4 c5 16. Bf4 $1 {Gelfand - Brenninkmeijer, Wijk aan Zee
1992}) (10... a5 {Ambroz} 11. Nxf6+ (11. O-O Be7 12. Nxf6+ Nxf6 13. e4 O-O 14.
Qc2 h6 $10 {Karpov-Anand, Moscow 1992}) 11... Nxf6 12. e4 Be7 13. Qe2 bxa3 14.
bxa3 O-O 15. e5 Nd5 16. h4 $40 {/\ Ng5, M. Gurevich}) 11. Bxe4 Qc7 (11... Qb6 {
Kortschnoj} 12. Nd2 $140 $1 c5 13. Nc4 $14) 12. axb4 (12. O-O) (12. O-O {Ambroz
} bxa3 13. bxa3 Bd6 14. Rb1 O-O 15. Qc2 h6 16. Bd2 Rab8 17. Bb4 c5 $10 {
Gelfand-Bareev, Linares 1993}) (12. Qc2 {Ambroz} bxa3 13. bxa3 h6 14. Bd2 Bd6
15. Bb4 O-O $10 {Vyzmanavin-Morovic, Leon 1993}) 12... Bxb4+ 13. Bd2 Bxd2+ (
13... c5 14. Bxb4 cxb4 15. Rc1 $14) (13... a5 {Ambroz} 14. Bxb4 axb4 15. Rxa8+
Bxa8 16. Qa4 Qb7 17. O-O $14) 14. Nxd2 c5 15. Qc2 $1 Qb6 (15... Bxe4 {Ambroz}
16. Nxe4 O-O 17. Nxc5 (17. dxc5 f5) 17... Rfc8 18. b4 (18. Rc1 Nxc5 19. dxc5
Qa5+) 18... a5 19. Qe4 $14) 16. dxc5 (16. Bxb7 Qxb7 17. dxc5 Qxg2 18. Qe4 (18.
O-O-O $5 $13) 18... Qxe4 19. Nxe4 f5 $132) 16... Qxc5 (16... Nxc5 $2 17. Bxb7
Nxb7 18. Qa4+ $40) 17. Qa4 (17. Qxc5 Nxc5 18. Bxb7 Nxb7 $10) 17... Rb8 $1 (
17... Qc7 18. Qa3 $1 (18. O-O Bxe4 19. Rac1 Qb7 20. Nxe4 O-O 21. Nd6 Nb6) 18...
Nf6 19. Bxb7 Qxb7 20. Nc4 (20. O-O Qe7 $10) 20... Qxg2 21. Nd6+ Kd7 (21... Kf8
$4 22. Nf5+ Kg8 23. Ne7+ Kf8 24. Ng6+ Kg8 25. Qf8+ $18 (25. Qf8+ Rxf8 26. Ne7#)
) 22. O-O-O $1 Nd5 (22... Qc6+ 23. Kb1 Nd5 24. Nxf7 $18) 23. e4 Rhc8+ 24. Kb1 (
24. Nxc8 Rxc8+ 25. Kb1 Qxe4+ $13) 24... Rc6 25. exd5 Qg6+ 26. Ka1 Rxd6 (26...
exd5 27. Nb7 $18) 27. dxe6+ Qxe6 28. Qa4+ Kc7 29. Rxd6 $18 (29. Rxd6 {Ambroz}
Qxd6 30. Rc1+ $18)) (17... Bxe4 {Ambroz} 18. Nxe4 Qc7 (18... Qe7 19. Rd1 Rd8
20. Nd6+ Kf8 21. Nb7 Nb6 22. Rxd8+ Qxd8 23. Qxa7 $16) 19. Rd1 Rd8 20. Qa3 $1
$16) 18. O-O (18. Qxa7 Bxe4 (18... Ra8 $1 $10 {Kortschnoj})) (18. Nb3 Qb6) (18.
Rd1 Bxe4 19. Nxe4 Qb4+ $10) 18... O-O $1 (18... Bxe4 19. Nxe4 Qb4 20. Qxb4 Rxb4
21. Rxa7 $16) (18... Ke7 {Ambroz} 19. Rfc1 Qb6 20. Nc4 $18) 19. Qxd7 (19. Rac1
Qd6 20. Nc4 Qe7 $10) (19. Bxh7+ Kxh7 20. Qxd7 Bd5 $1 $10 (20... Bxg2 $2 21.
Kxg2 Rbd8 22. Ne4 Qf5 23. Qa4) (20... Rfd8 21. Qxf7 Rxd2 22. Ra4 $18) (20...
Qg5 $5 21. Qd3+ $14 (21. g3 Rfd8 22. Qxf7 Qd5 $1) (21. Qd3+ {Kortschnoj} Kg8
22. f3 Rfd8 $44)) (20... Qd5 21. Qxd5 Bxd5 22. e4 Rxb2 $5 23. exd5 Rxd2 24.
dxe6 fxe6 25. Rxa7 Rc8 $14)) 19... Rfd8 20. Bxh7+ $1 (20. b4 Qb6 $8 21. Qe7 (
21. Nc4 Rxd7 22. Nxb6 axb6 23. Bxb7 Rdxb7 $10) 21... Rxd2 22. Bxb7 Qxb7 23.
Rxa7 Qxe7 24. Rxe7 Rb2 $10) (20. Rac1 Qb4 $8 21. Rc4 $140 Qxc4) 20... Kxh7 $2 (
20... Kf8 $142 $1 21. Qa4 Rxd2 $10 22. Be4 (22. Rac1 Qd5 23. e4 Qd4) (22. Rfc1
$5 $14 {Ambroz} Qd5 23. Qb4+ Ke8 24. e4 Qd4 25. Qxd4 Rxd4 26. Rxa7 g6 (26...
Bxe4 27. Bxe4 Rxe4 28. h3 $16 {/\ Rcc7}) 27. h4 $5) (22. Qxa7 Qxa7 23. Rxa7 g6)
22... Bxe4 23. Qxe4 g6 $10) 21. Qxf7 Rxd2 $6 (21... Qd5 $2 22. Nf3 Rf8 23. Qc7
(23. Qxe6 $18) 23... Rxf3 24. Qxb8 Rxe3 25. f3 $18) (21... Bxg2 $142 $8 22.
Kxg2 (22. Rxa7 $2 Qg5 $19) (22. Ra4 Qg5) 22... Rxd2 (22... Qg5+ 23. Kh1 Rxd2
24. Rg1 Qd5+ 25. f3 Qe5 26. Rg3 Rxh2+ 27. Kxh2 Qxb2+ 28. Kh3 Qxa1 29. Kg4 $18)
23. Qxe6 (23. Ra4 $4 Qc6+ $19) (23. Rxa7 Qg5+ 24. Kh1 Qd5+ 25. f3 $140 Qe5 26.
Qf4 Qxf4 27. exf4 Rbxb2 $17) 23... Rb6 (23... Rbxb2 24. Ra4 $1 $40 (24. Qh3+ {
Ambroz} Kg8 25. Ra6 Qg5+ 26. Qg3 Qd5+ 27. Qf3 (27. Kg1 Rxf2 $1 28. Rxf2 Rb1+
29. Rf1 Rxf1+ 30. Kxf1 Qd3+) 27... Qg5+ 28. Kh1 Qb5 29. Raa1)) (23... Qg5+ 24.
Kh1 $40) 24. Qe4+ Rg6+ 25. Kh1 $16) 22. Ra4 $1 Qg5 23. g3 $1 $18 e5 24. Rh4+
Qxh4 25. gxh4 Rd6 26. h5 Be4 27. Qe7 Rbb6 28. Qxe5 Re6 29. Qf4 1-0

[Event "San Sebastian KO GpA"]
[Site "San Sebastian"]
[Date "2012.01.05"]
[Round "7"]
[White "Volokitin, Andrei"]
[Black "Laznicka, Viktor"]
[Result "1-0"]
[WhiteElo "2695"]
[BlackElo "2703"]
[PlyCount "81"]
[EventDate "2011.12.28"]
[EventType "k.o."]
[EventRounds "7"]
[EventCountry "ESP"]
[SourceTitle "CBM 146 Extra"]
[Source "ChessBase"]
[SourceDate "2012.02.29"]
[SourceVersion "1"]
[SourceVersionDate "2012.02.29"]
[SourceQuality "1"]

1. e4 c6 2. d4 d5 3. e5 Bf5 4. Nf3 e6 5. Be2 c5 6. Be3 cxd4 7. Nxd4 Ne7 8. Nd2
Nbc6 9. N2f3 Bg4 10. O-O Bxf3 11. Nxf3 Ng6 12. c4 dxc4 13. Bxc4 Qc7 14. Rc1 Be7
15. Qb3 O-O 16. Bd3 Qb8 17. g3 a5 18. Qb5 a4 19. Be4 Ra5 20. Qd3 Nb4 21. Qc4
Nxe5 22. Nxe5 Qxe5 23. Bf4 Qc5 24. Bxb7 Qxc4 25. Rxc4 Nd3 26. Rb1 Rb5 27. Be4
Nxf4 28. gxf4 Rfb8 29. Rxa4 Rxb2 30. Rxb2 Rxb2 31. Ra8+ Bf8 32. Bxh7+ Kxh7 33.
Rxf8 Kg6 34. f5+ exf5 35. Ra8 Kg5 36. Ra7 Kg4 37. Kg2 g5 38. h3+ Kf4 39. Rxf7
Rxa2 40. Rb7 Ra4 41. Rb5 1-0

[Event "FIDE World Cup"]
[Site "Tromsoe"]
[Date "2013.08.16"]
[Round "2.4"]
[White "Korobov, Anton"]
[Black "Jobava, Baadur"]
[Result "1-0"]
[WhiteElo "2720"]
[BlackElo "2696"]
[PlyCount "169"]
[EventDate "2013.08.11"]
[EventType "k.o."]
[EventRounds "7"]
[EventCountry "NOR"]
[SourceTitle "CBM 156"]
[Source "ChessBase"]
[SourceDate "2013.09.17"]
[SourceVersion "1"]
[SourceVersionDate "2013.09.17"]
[SourceQuality "1"]

1. d4 Nf6 2. c4 d6 3. Nc3 Bf5 4. g3 c6 5. Bg2 e5 6. e4 Be6 7. d5 cxd5 8. cxd5
Bd7 9. Nf3 Be7 10. O-O b5 11. a3 a5 12. Qe2 Qb6 13. Be3 Qb7 14. b4 O-O 15. bxa5
Rc8 16. Bd2 Rxa5 17. Rfb1 Qa6 18. Rb3 Be8 19. Ne1 Nbd7 20. Nd1 Ra4 21. Bb4 Nc5
22. Rb2 Ncxe4 23. Bxe4 Rc4 24. Bxh7+ Kxh7 25. Rab1 Bd7 26. Ne3 Rc8 27. Nd3 Kg8
28. Nxe5 Rxb4 29. Nxd7 Rxb2 30. Nxf6+ Bxf6 31. Rxb2 Bxb2 32. Qxb2 Re8 33. h4
Re5 34. Qc3 Qa7 35. Kg2 Qc5 36. Qb2 f6 37. Qb1 Kf7 38. Kh2 f5 39. Qd3 g6 40.
Kg2 Ke8 41. Qb3 Kd8 42. Qb2 Kc7 43. Kf3 Kb7 44. Kf4 Qb6 45. Qc3 Qc7 46. Qb2 Ka6
47. Kf3 Qc5 48. Kf4 Ka5 49. Kg5 f4+ 50. Kxf4 Ka4 51. Kf3 Re8 52. Kg2 Rc8 53.
Qb1 Kxa3 54. Qa1+ Kb3 55. g4 b4 56. h5 gxh5 57. gxh5 Qc3 58. Qd1+ Ka3 59. Qe2
Rg8+ 60. Kh3 Qc8+ 61. Kh2 b3 62. Qb5 Qc3 63. Qa6+ Kb4 64. Qxd6+ Qc5 65. Qe5 Rf8
66. Kg3 Rg8+ 67. Kh2 Rd8 68. Kg2 Rg8+ 69. Kh2 Ra8 70. h6 Ra6 71. Qf4+ Ka3 72.
h7 Qc3 73. d6 Ra7 74. d7 Qh8 75. Qd6+ Ka2 76. d8=Q Qxh7+ 77. Kg3 Rg7+ 78. Ng4
Ra7 79. Qd2+ b2 80. Q8d5+ Ka1 81. Q5d4 Ra3+ 82. f3 Qc7+ 83. Kf2 Qb7 84. Ne3 Ka2
85. Q4xb2+ 1-0